000 00282nam a22001337a 4500
008 171108b xxu||||| |||| 00| 0 eng d
020 _a00870943866
041 _aeng
080 _a330.322
100 _a64
101 _aINV
245 _aMONEY MARKET
_cMARCIA.S
942 _2udc
_cBK
999 _c38205
_d38205